00770nam a2200181 a 450000100100000000500170001000800410002704000250006810000310009324500700012426000440019430000350023850000730027304900090034695201050035595201110046099900170057100002811420200930031348.0110406s1991 dr 000 0 spa d aDO-SdBNPbspacBNPHU1 aCuevas Caro, Cirilo94402210aSainagua desde los tiempos de los taínos /cCirilo Cuevas Caro. aSanto Domingo :bEditora Taller,c1991. a68 p. :bil., retrs. ;c21 cm. aIncluye referencias bibliográficas y notas al pie de las páginas aBNPD 0010718PDaPDbPDcCTd2011-04-06iLF1l0o p28114-10r2020-06-25w2020-06-25yLFPDZNo se presta 0010718PDaPDbPDcCTd2011-04-07iLF1l0o p28114-20r2020-06-25te. 2w2020-06-25yLFPDZNo se presta c27606d27606